[Event "79th ch-ESP 2014"]
[Site "Linares ESP"]
[Date "2014.08.25"]
[Round "1.26"]
[White "Roman Lopez, Jesus"]
[Black "Sos Andreu, Eric"]
[Result "0-1"]
[BlackTitle "FM"]
[WhiteElo "1963"]
[BlackElo "2355"]
[WhiteFideId "2291673"]
[BlackFideId "22247017"]
[EventDate "2014.08.25"]

1. e4 c6 2. d4 d5 3. exd5 cxd5 4. c4 Nf6 5. Nc3 g6 6. Nf3 Bg7 7. h3 O-O 8. b3
Nc6 9. Be2 Ne4 10. Bb2 Qa5 11. Rc1 Bh6 12. O-O Bxc1 13. Qxc1 Nxc3 14. Bxc3 Qxa2
15. Qh6 f6 16. Bd3 Bf5 17. Bxf5 gxf5 18. cxd5 Qxb3 19. dxc6 Qxc3 20. Rc1 Qb3 21.
c7 Rac8 22. Nh4 e6 23. d5 Qxd5 24. Ng6 Rf7 25. Nf4 Qd2 0-1

[Event "79th ch-ESP 2014"]
[Site "Linares ESP"]
[Date "2014.08.25"]
[Round "1.28"]
[White "Boutahar Belgasi, Tarik"]
[Black "Fernandez Garcia, Jose Miguel"]
[Result "1/2-1/2"]
[BlackTitle "FM"]
[WhiteElo "1957"]
[BlackElo "2353"]
[WhiteFideId "22266909"]
[BlackFideId "22200070"]
[EventDate "2014.08.25"]

1. Nf3 d5 2. g3 Nf6 3. Bg2 Bf5 4. d4 e6 5. O-O Be7 6. c4 c6 7. Nc3 h6 8. Nd2 O-O
9. e4 dxe4 10. Ndxe4 Nbd7 11. d5 Nxe4 12. Nxe4 cxd5 13. cxd5 Bxe4 14. Bxe4 Nf6
15. Bg2 Nxd5 16. Qb3 Qd7 17. Rd1 Rfd8 18. Be3 Bg5 19. Bxg5 hxg5 20. Rd2 Rac8 21.
Rad1 Rc5 22. Bxd5 Rxd5 23. Rxd5 exd5 24. Rd4 b6 25. Qd3 Qe6 26. h4 Qe5 27. b3
Rd6 28. Kg2 gxh4 29. Rxh4 g6 30. Qa6 Qe7 31. Qc8+ Qd8 32. Qh3 Qf6 33. Rf4 Qe6
34. Qh6 d4 35. Rh4 Qe5 36. Qh7+ Kf8 37. Qh6+ Ke7 38. Qd2 g5 39. Rh5 d3 40. Rxg5
Qe2 41. Qf4 d2 42. Re5+ Qxe5 43. Qxe5+ Kd7 44. Qf5+ Ke7 45. Qe5+ Kd7 46. Qf5+
Ke8 1/2-1/2

[Event "79th ch-ESP 2014"]
[Site "Linares ESP"]
[Date "2014.08.25"]
[Round "1.29"]
[White "Sanchez Aller, Fernando"]
[Black "Juan Delgado, Adrian"]
[Result "1-0"]
[WhiteTitle "FM"]
[WhiteElo "2352"]
[BlackElo "1949"]
[WhiteFideId "2222892"]
[BlackFideId "2245108"]
[EventDate "2014.08.25"]

1. e4 e6 2. d4 b6 3. Nf3 Bb7 4. Bd3 c5 5. c3 Nf6 6. e5 Nd5 7. dxc5 bxc5 8. O-O
Nc6 9. Be4 Nb6 10. a4 Be7 11. a5 Nxa5 12. Nbd2 Nc6 13. Qc2 g5 14. h3 h5 15. Bxc6
Bxc6 16. Ne4 Rg8 17. Nexg5 Rxg5 18. Bxg5 Bxg5 19. Qh7 Be7 20. Qxh5 Bxf3 21. Qxf3
d5 22. exd6 Bxd6 23. Ra6 Qb8 24. Rfa1 Nc8 25. h4 Ke7 26. h5 Bh2+ 27. Kh1 Be5 28.
Qc6 Kf6 29. Qxc5 Qxb2 30. f4 Bxc3 31. Qg5# 1-0

[Event "79th ch-ESP 2014"]
[Site "Linares ESP"]
[Date "2014.08.25"]
[Round "1.30"]
[White "Sanchez Dengra, Barbara"]
[Black "Torres Ventosa, Pedro Eugenio"]
[Result "0-1"]
[BlackTitle "FM"]
[WhiteElo "1947"]
[BlackElo "2334"]
[WhiteFideId "22245383"]
[BlackFideId "2280663"]
[EventDate "2014.08.25"]

1. e4 d6 2. d4 Nf6 3. Nc3 Nbd7 4. Nge2 e5 5. g3 c6 6. a4 a5 7. Bg2 Be7 8. O-O
O-O 9. h3 Re8 10. Be3 Bf8 11. g4 g6 12. Ng3 exd4 13. Bxd4 Nb6 14. b3 Nfd7 15. f4
c5 16. Be3 Bg7 17. Qd3 d5 18. Bd2 c4 19. bxc4 Nc5 20. Qe2 dxe4 21. Rad1 Be6 22.
Be3 Qe7 23. Nd5 Bxd5 24. cxd5 Nbxa4 25. Qb5 Qd7 26. Qxd7 Nxd7 27. Rb1 b6 28. Kf2
Nc3 29. Rb3 a4 30. Ra3 b5 31. Bd2 b4 32. Bxc3 e3+ 33. Ke2 Bxc3 34. Ra2 Nc5 35.
d6 Ra6 36. Rd1 Bd2 37. d7 Nxd7 38. Ne4 a3 39. Nxd2 exd2+ 40. Kxd2 Rd6+ 41. Kc1
Rxd1+ 42. Kxd1 Nb6 43. c3 Na4 44. Ra1 Nxc3+ 45. Kc1 Re1+ 0-1

[Event "79th ch-ESP 2014"]
[Site "Linares ESP"]
[Date "2014.08.25"]
[Round "1.31"]
[White "Sanchez Saez, Francisco"]
[Black "Campins Machado, Francesc"]
[Result "1/2-1/2"]
[WhiteTitle "FM"]
[WhiteElo "2319"]
[BlackElo "1946"]
[WhiteFideId "2231743"]
[BlackFideId "32005385"]
[EventDate "2014.08.25"]

1. e4 c5 2. Nf3 e6 3. d4 cxd4 4. Nxd4 Nf6 5. Nc3 d6 6. g4 h6 7. h3 Nc6 8. Be3 a6
9. Bg2 Ne5 10. Qe2 g5 11. O-O Bd7 12. a4 Rc8 13. f4 gxf4 14. Bxf4 Be7 15. a5 Qc7
16. Kh1 Nc4 17. Rae1 e5 18. Nf5 Bxf5 19. exf5 exf4 20. Rxf4 Ne5 21. Rb4 Rb8 22.
Rb6 Nfd7 23. Nd5 Qc5 24. b4 Qc8 25. Nxe7 Kxe7 26. f6+ Kxf6 27. Rxd6+ Kg7 28.
Red1 Qc7 29. Be4 Qc3 30. Qg2 Nf6 31. Bxb7 Rxb7 32. g5 hxg5 33. Qxg5+ Ng6 34.
R1d3 Qe1+ 35. Kg2 Qe4+ 36. Rf3 Qxc2+ 37. Kg1 Ne4 38. Rxf7+ Kxf7 39. Qxg6+ Kf8
40. Qf5+ Rf7 41. Rd8+ Kg7 42. Qe5+ Nf6 43. Qg5+ Qg6 44. Qxg6+ Kxg6 45. Rxh8 Nd5
46. Rb8 Rf3 47. b5 axb5 48. Rxb5 Nf4 49. h4 Rh3 50. a6 Rxh4 51. Rb6+ Kf7 52. a7
Ne2+ 53. Kf2 Ra4 54. Rb7+ Ke6 55. Kxe2 Kd6 56. Kd3 Kc6 57. Rh7 Kb6 58. Kc3 Rxa7 1/2-1/2

[Event "79th ch-ESP 2014"]
[Site "Linares ESP"]
[Date "2014.08.25"]
[Round "1.32"]
[White "Lerma Moreno, Juan Manuel"]
[Black "Aranaz Murillo, Amalia"]
[Result "0-1"]
[BlackTitle "WIM"]
[WhiteElo "1938"]
[BlackElo "2314"]
[WhiteFideId "2274469"]
[BlackFideId "22200371"]
[EventDate "2014.08.25"]

1. Nf3 Nf6 2. c4 b6 3. g3 Bb7 4. Bg2 e6 5. Nc3 Be7 6. O-O O-O 7. d4 Na6 8. Bf4
c5 9. d5 exd5 10. cxd5 d6 11. e4 Nc7 12. a4 a6 13. Qb3 Rb8 14. Rfe1 b5 15. axb5
axb5 16. Bf1 Re8 17. Qc2 b4 18. Nb5 Bf8 19. Nxc7 Qxc7 20. Nd2 Nh5 21. Be3 Qe7
22. Bg2 Bc8 23. Nc4 b3 24. Qd3 Nf6 25. e5 dxe5 26. d6 Qe6 27. Bxc5 e4 28. Qd4
Bb7 29. Ra7 Bc6 30. Rd1 Bb5 31. Ne3 Bd3 32. Bf1 Nd7 33. Ba3 Ne5 34. Qd5 Qh6 35.
Bg2 Rb5 36. Qd4 Nc6 37. Qa4 Nxa7 38. Qxa7 Rd8 39. Qc7 Rbb8 40. Nf5 Qh5 41. Ne3
Qe5 42. Ng4 Qe6 43. Ne3 h6 44. Bf1 Bxd6 45. Bxd6 Qxd6 46. Qc3 Qd4 47. Qd2 Qb4
48. Qxb4 Rxb4 49. Nf5 Rc4 50. f3 g6 51. Nxh6+ Kg7 52. Ng4 f5 53. Ne5 Rc5 54. f4
Kf6 55. h3 Rd6 56. g4 Rxe5 57. g5+ Ke6 58. fxe5 Kxe5 59. Bg2 f4 60. Re1 Kf5 61.
h4 f3 62. Bh3+ Kf4 63. Kf2 Rc6 0-1

[Event "79th ch-ESP 2014"]
[Site "Linares ESP"]
[Date "2014.08.26"]
[Round "2.1"]
[White "Aranaz Murillo, Amalia"]
[Black "Vallejo Pons, Francisco"]
[Result "0-1"]
[WhiteTitle "WIM"]
[BlackTitle "GM"]
[WhiteElo "2314"]
[BlackElo "2698"]
[WhiteFideId "22200371"]
[BlackFideId "2205530"]
[EventDate "2014.08.25"]

1. Nf3 c5 2. c4 Nc6 3. g3 g6 4. Bg2 Bg7 5. Nc3 e6 6. e3 Nge7 7. d4 cxd4 8. Nxd4
d5 9. cxd5 exd5 10. O-O O-O 11. Bd2 h5 12. Rc1 Bg4 13. Qa4 Qd7 14. Nxc6 bxc6 15.
Qa3 h4 16. Na4 Rfe8 17. Nc5 Qc8 18. Bc3 Bh3 19. Qa6 Qg4 20. Bxh3 Qxh3 21. Rfd1
hxg3 22. hxg3 Nf5 23. Qf1 Qg4 24. Bxg7 Kxg7 25. Qg2 Rxe3 26. Nd3 Re2 0-1

[Event "79th ch-ESP 2014"]
[Site "Linares ESP"]
[Date "2014.08.26"]
[Round "2.2"]
[White "Anton Guijarro, David"]
[Black "Santos Ruiz, Miguel"]
[Result "1/2-1/2"]
[WhiteTitle "GM"]
[BlackTitle "FM"]
[WhiteElo "2624"]
[BlackElo "2306"]
[WhiteFideId "2285525"]
[BlackFideId "22291482"]
[EventDate "2014.08.25"]

1. d4 e6 2. Nf3 Nf6 3. c4 b6 4. g3 Bb7 5. Bg2 Be7 6. O-O O-O 7. Nc3 Na6 8. Ne5
Bxg2 9. Kxg2 Qb8 10. e4 Qb7 11. f3 d5 12. cxd5 exd5 13. Bg5 c6 14. Qe2 Rfe8 15.
Rad1 Nc7 16. Bxf6 Bxf6 17. Ng4 Be7 18. e5 c5 19. Qd2 Rad8 20. Ne2 Qc8 21. Rc1
Qd7 22. Nf2 Ne6 23. Rfe1 f6 24. exf6 Bxf6 25. dxc5 bxc5 26. b3 Qd6 27. Rcd1 Nd4
28. Nc3 Rxe1 29. Rxe1 Nf5 30. Ncd1 Bd4 31. Qg5 Rf8 32. Ng4 1/2-1/2

[Event "79th ch-ESP 2014"]
[Site "Linares ESP"]
[Date "2014.08.26"]
[Round "2.3"]
[White "Suarez Uriel, Adrian"]
[Black "Salgado Lopez, Ivan"]
[Result "1/2-1/2"]
[BlackTitle "GM"]
[WhiteElo "2292"]
[BlackElo "2620"]
[WhiteFideId "22230874"]
[BlackFideId "2257327"]
[EventDate "2014.08.25"]

1. e4 c6 2. d4 d5 3. Nc3 dxe4 4. Nxe4 Nf6 5. Nxf6+ exf6 6. Bc4 Nd7 7. Qh5 Qe7+
8. Qe2 Nb6 9. Bd3 Bg4 10. Qxe7+ Bxe7 11. h3 Bd7 12. c4 O-O-O 13. Ne2 f5 14. a4
Na8 15. Bd2 Nc7 16. Bc3 Na6 17. a5 Nb4 18. Bb1 Rhe8 19. O-O g6 20. Rd1 c5 21.
Bxb4 cxb4 22. b3 Bf6 23. Ra2 Kc7 24. Kf1 Bc6 25. d5 Bd7 26. Bd3 Be7 27. Nc1 Bc5
28. Be2 Kd6 29. Nd3 h5 30. h4 Ra8 31. Bf3 Rac8 32. g3 Re7 33. Rdd2 Ree8 34. Rd1
Re7 35. Kg2 Be8 36. Rdd2 Bd7 37. Rd1 Rc7 38. Kf1 Re8 39. Kg2 Rb8 40. Re1 Re8 41.
Rxe8 Bxe8 42. Re2 Bd7 43. Ne5 Bc8 44. Nd3 Bd7 45. Ne5 Bc8 46. Nd3 Kd7 47. Ra2
Kd6 48. Re2 Kd7 49. Ra2 Kd6 50. Re2 Kd7 1/2-1/2

[Event "79th ch-ESP 2014"]
[Site "Linares ESP"]
[Date "2014.08.26"]
[Round "2.4"]
[White "Vazquez Igarza, Renier"]
[Black "Gavilan Diaz, Mario"]
[Result "1-0"]
[WhiteTitle "GM"]
[BlackTitle "FM"]
[WhiteElo "2603"]
[BlackElo "2291"]
[WhiteFideId "3503054"]
[BlackFideId "2260905"]
[EventDate "2014.08.25"]

1. d4 d5 2. Nf3 Nf6 3. c4 e6 4. Bg5 Be7 5. Nc3 h6 6. Bh4 O-O 7. e3 Ne4 8. Bg3 c5
9. cxd5 exd5 10. Be2 Qa5 11. O-O Nxc3 12. bxc3 Nc6 13. Qc2 b6 14. a4 Ba6 15. Bb5
Rac8 16. Qb2 Rfd8 17. Rfe1 Bd6 18. Nd2 c4 19. Bxd6 Rxd6 20. h3 Ne7 21. e4 Ng6
22. e5 Rdd8 23. g3 Nf8 24. Nf1 Rc7 25. Ne3 Bc8 26. Kh2 a6 27. f4 Ra7 28. f5 Bd7
29. Reb1 Rda8 30. Bxd7 Nxd7 31. f6 gxf6 32. Nf5 b5 33. Qd2 Qd8 34. Qxh6 Qf8 35.
Qh5 fxe5 36. Rf1 f6 37. Rf4 exf4 38. gxf4 Qe8 39. Rg1+ Kf8 40. Qh8+ Kf7 41. Nd6+ 1-0

[Event "79th ch-ESP 2014"]
[Site "Linares ESP"]
[Date "2014.08.26"]
[Round "2.5"]
[White "Nicolas Zapata, Irene"]
[Black "Korneev, Oleg"]
[Result "0-1"]
[WhiteTitle "WIM"]
[BlackTitle "GM"]
[WhiteElo "2284"]
[BlackElo "2590"]
[WhiteFideId "22247270"]
[BlackFideId "4156803"]
[EventDate "2014.08.25"]

1. d4 Nf6 2. Nf3 d5 3. c4 c6 4. Nc3 e6 5. g3 Nbd7 6. Bg2 Be7 7. b3 O-O 8. Bb2
Ne4 9. cxd5 Nxc3 10. Bxc3 exd5 11. O-O Nf6 12. Ne5 Bf5 13. Qe1 Qc8 14. Bb4 Bxb4
15. Qxb4 a5 16. Qd2 Bh3 17. f3 Bxg2 18. Kxg2 Re8 19. a3 Nd7 20. Nxd7 Qxd7 21. b4
Ra6 22. bxa5 Rea8 23. Rfb1 Rxa5 24. Rb3 Ra4 25. Rab1 b5 26. Qf4 h6 27. Qe3 Re8
28. Qd3 Qe7 29. R1b2 Rea8 30. e4 dxe4 31. fxe4 Rxa3 32. e5 Rxb3 33. Qxb3 Ra3 34.
Qc2 Qe6 35. Qe4 Ra2 36. Rxa2 Qxa2+ 37. Kg1 Qd5 38. Qg4 b4 0-1

[Event "79th ch-ESP 2014"]
[Site "Linares ESP"]
[Date "2014.08.26"]
[Round "2.6"]
[White "Perez Candelario, Manuel"]
[Black "Escudero Manzano, Alejandro"]
[Result "1-0"]
[WhiteTitle "GM"]
[WhiteElo "2575"]
[BlackElo "2283"]
[WhiteFideId "2210622"]
[BlackFideId "2238004"]
[EventDate "2014.08.25"]

1. e4 c5 2. Nf3 Nc6 3. d4 cxd4 4. Nxd4 Nf6 5. Nc3 e5 6. Ndb5 d6 7. Bg5 a6 8. Na3
b5 9. Nd5 Be7 10. Bxf6 Bxf6 11. c4 b4 12. Nc2 O-O 13. h4 Rb8 14. b3 Be6 15. g3
Be7 16. Qd3 Qd7 17. Bg2 Bd8 18. O-O a5 19. Rad1 Qa7 20. Qe2 Ne7 21. Nxe7+ Qxe7
22. Ne3 Bb6 23. Nf5 Bxf5 24. exf5 Qf6 25. Be4 Bd4 26. Rd3 Qe7 27. Bd5 Qf6 28.
Rf3 Rfe8 29. Qe4 Kf8 30. Kg2 Bc5 31. g4 Qxh4 32. f6 g6 33. Rh1 Qg5 34. Rxh7 1-0

[Event "79th ch-ESP 2014"]
[Site "Linares ESP"]
[Date "2014.08.26"]
[Round "2.7"]
[White "Trigo Urquijo, Sergio"]
[Black "Lopez Martinez, Josep Manuel"]
[Result "1/2-1/2"]
[BlackTitle "GM"]
[WhiteElo "2274"]
[BlackElo "2549"]
[WhiteFideId "2262436"]
[BlackFideId "2212943"]
[EventDate "2014.08.25"]

1. d4 Nf6 2. c4 e6 3. Nc3 Bb4 4. e3 c5 5. Ne2 b6 6. a3 Ba5 7. Rb1 Na6 8. g3 Bb7
9. d5 O-O 10. Bg2 Bxc3+ 11. Nxc3 exd5 12. cxd5 d6 13. O-O Nb8 14. e4 Ba6 15. Re1
Nbd7 16. f4 Re8 17. b4 cxb4 18. axb4 Bc4 19. Bb2 b5 20. Qd4 Qb6 21. Qxb6 Nxb6
22. Ra1 h6 23. h3 a6 24. Kf2 Nfd7 25. Bc1 Rec8 26. Nd1 Na4 27. Ne3 g6 28. e5
dxe5 29. Nxc4 Rxc4 30. fxe5 Re8 31. e6 fxe6 32. dxe6 Nf6 33. Bxh6 Rxb4 34. Rac1
Nb2 35. Rc3 Rc4 36. Rf3 Nd5 37. Rb3 Rc2+ 38. Kg1 Nc3 39. Bc6 Re7 40. Bd7 Nd3 1/2-1/2

[Event "79th ch-ESP 2014"]
[Site "Linares ESP"]
[Date "2014.08.26"]
[Round "2.8"]
[White "Arizmendi Martinez, Julen Luis"]
[Black "Shen, Yue"]
[Result "1/2-1/2"]
[WhiteTitle "GM"]
[WhiteElo "2544"]
[BlackElo "2266"]
[WhiteFideId "2205092"]
[BlackFideId "22251006"]
[EventDate "2014.08.25"]

1. d4 d5 2. c4 e6 3. Nc3 Be7 4. Nf3 Nf6 5. Bg5 h6 6. Bxf6 Bxf6 7. Qb3 dxc4 8.
Qxc4 b6 9. e4 Ba6 10. Qa4+ Qd7 11. Bxa6 Qxa4 12. Nxa4 Nxa6 13. Ke2 O-O-O 14. e5
Be7 15. a3 c5 16. Rac1 Kb7 17. Rhd1 cxd4 18. Nxd4 Bg5 19. Rc2 Rd5 20. Nf3 Rxd1
21. Kxd1 Rd8+ 22. Ke2 Be7 23. Nc3 Nc7 24. g3 a6 25. h4 Nd5 26. Ne4 b5 27. h5 Nb6
28. Nfd2 Rd5 29. f4 f6 30. Nf3 Nc4 31. Nc3 Rd8 32. a4 Kb6 33. axb5 axb5 34. exf6
gxf6 35. Nd2 Na5 36. Nd1 f5 37. Nf2 Bf6 38. g4 Nc6 39. Nf3 Nb4 40. Rd2 Nd5 41.
gxf5 Nxf4+ 42. Ke3 Rxd2 43. Nxd2 Nxh5 44. fxe6 Ng7 45. Ng4 Bg5+ 46. Kd3 Nxe6 47.
Nf3 Nc5+ 48. Kc2 Bf4 49. Nf6 Bg3 50. Nd4 Ka6 51. Nf5 Bf4 52. b4 Ne6 53. Kd3 Bc1
54. Ke4 Nc7 55. Ng4 Bd2 56. Ngxh6 Bxb4 57. Nd4 Bc5 1/2-1/2

[Event "79th ch-ESP 2014"]
[Site "Linares ESP"]
[Date "2014.08.26"]
[Round "2.9"]
[White "Hernandez Estevez, Yudania"]
[Black "Del Rio De Angelis, Salvador G."]
[Result "0-1"]
[WhiteTitle "WIM"]
[BlackTitle "GM"]
[WhiteElo "2258"]
[BlackElo "2529"]
[WhiteFideId "2219344"]
[BlackFideId "2203138"]
[EventDate "2014.08.25"]

1. e4 g6 2. d4 Bg7 3. Nc3 c6 4. Nf3 d6 5. a4 Nf6 6. Be2 O-O 7. O-O a5 8. Re1 Na6
9. h3 Nb4 10. Bf1 e5 11. Nb1 exd4 12. Nxd4 Re8 13. c3 Na6 14. Bg5 h6 15. Bxf6
Qxf6 16. Nd2 Nc5 17. Qf3 Qxf3 18. N4xf3 f5 19. exf5 Bxf5 20. Rxe8+ Rxe8 21. Nc4
d5 22. Nd6 Rf8 23. Nxf5 Rxf5 24. Nh4 Rf4 25. Nxg6 Rxa4 26. Re1 Ra2 27. Re2 a4
28. Nf4 a3 29. bxa3 Rxa3 30. c4 dxc4 31. Re7 Ra1 32. g4 Bf6 33. Re2 c3 34. Kg2
Kf7 35. Nh5 Nd3 0-1

[Event "79th ch-ESP 2014"]
[Site "Linares ESP"]
[Date "2014.08.26"]
[Round "2.10"]
[White "Ibarra Jerez, Jose Carlos"]
[Black "Sanchez Barbado, Carlos"]
[Result "1-0"]
[WhiteTitle "GM"]
[WhiteElo "2521"]
[BlackElo "2249"]
[WhiteFideId "2226332"]
[BlackFideId "2273012"]
[EventDate "2014.08.25"]

1. e4 c5 2. Nf3 e6 3. c4 Nc6 4. Nc3 Nf6 5. Be2 d5 6. exd5 exd5 7. d4 Be6 8. cxd5
Nxd5 9. O-O Be7 10. dxc5 Nxc3 11. bxc3 O-O 12. Be3 Qa5 13. Qc2 Rad8 14. Rfb1 Rd7
15. Rb5 Qc7 16. Rab1 Nd8 17. Qb2 a6 18. c6 bxc6 19. Rb6 a5 20. Ra6 Bf5 21. Re1
Ne6 22. Ra7 Qd8 23. Bb6 Qc8 24. Rxa5 Qb8 25. Ne5 Rb7 26. Nxc6 Rxb6 27. Nxe7+ Kh8
28. Rb5 Rxb5 29. Qxb5 Be4 30. Qxb8 Rxb8 31. Bc4 Bc2 32. Nc6 Rc8 33. Ne5 Bg6 34.
Bxe6 fxe6 35. Nxg6+ hxg6 36. a4 Rxc3 37. Ra1 1-0

[Event "79th ch-ESP 2014"]
[Site "Linares ESP"]
[Date "2014.08.26"]
[Round "2.11"]
[White "Navarrete Espi, Samuel"]
[Black "Arribas Lopez, Angel"]
[Result "0-1"]
[BlackTitle "IM"]
[WhiteElo "2245"]
[BlackElo "2503"]
[WhiteFideId "2237725"]
[BlackFideId "2283352"]
[EventDate "2014.08.25"]

1. e4 e6 2. d4 d5 3. Nc3 Nf6 4. e5 Nfd7 5. f4 c5 6. Nf3 Nc6 7. Be3 Be7 8. Qd2
O-O 9. Nd1 a6 10. c3 b5 11. Bd3 b4 12. O-O bxc3 13. bxc3 g6 14. Ng5 cxd4 15.
cxd4 Nb6 16. a3 Nc4 17. Bxc4 dxc4 18. Nc3 Na5 19. Rad1 Bb7 20. Qf2 h6 21. Nge4
Bd5 22. Qf3 Rb8 23. Nxd5 Qxd5 24. f5 gxf5 25. Qg3+ Kh7 26. Nc3 Qd8 27. d5 Rg8
28. Qh3 Qf8 29. dxe6 fxe6 30. Rd7 Rb7 31. Rfd1 Rg6 32. Rxb7 Nxb7 33. Rd7 Nd8 34.
Ne2 Qe8 35. Rc7 Nf7 36. Nf4 Bd8 37. Rxc4 Rg4 38. Qh5 Qg8 39. Rc8 Nxe5 40. Nxe6
Rxg2+ 41. Kf1 Qxe6 42. Kxg2 Qxc8 43. Qxh6+ Kg8 44. Qh5 Qc6+ 45. Kf2 Ng4+ 46. Kg1
Nxe3 0-1

[Event "79th ch-ESP 2014"]
[Site "Linares ESP"]
[Date "2014.08.26"]
[Round "2.12"]
[White "Santos Latasa, Jaime"]
[Black "Sanchez Jerez, Emilio Miguel"]
[Result "1-0"]
[WhiteTitle "FM"]
[BlackTitle "FM"]
[WhiteElo "2487"]
[BlackElo "2232"]
[WhiteFideId "2293307"]
[BlackFideId "2256088"]
[EventDate "2014.08.25"]

1. Nf3 Nf6 2. c4 g6 3. Nc3 Bg7 4. g3 O-O 5. Bg2 d6 6. d4 Nc6 7. O-O a6 8. Qd3
Nd7 9. Rd1 Rb8 10. Qc2 h6 11. e4 e5 12. d5 Nb4 13. Qe2 a5 14. a3 Na6 15. Rb1 Qe7
16. h3 Nb6 17. b4 axb4 18. axb4 f5 19. c5 dxc5 20. d6 Qf7 21. bxc5 Nd7 22. exf5
gxf5 23. Ng5 Qg6 24. Ne6 cxd6 25. Nxf8 Bxf8 26. cxd6 Bxd6 27. Nb5 Be7 28. Ba3
Nac5 29. Bc1 Bf8 1-0

[Event "79th ch-ESP 2014"]
[Site "Linares ESP"]
[Date "2014.08.26"]
[Round "2.13"]
[White "Silva Rodriguez, Fernando"]
[Black "Rubio Mejia, Luis Ignacio"]
[Result "1/2-1/2"]
[BlackTitle "IM"]
[WhiteElo "2217"]
[BlackElo "2470"]
[WhiteFideId "2215268"]
[BlackFideId "2281228"]
[EventDate "2014.08.25"]

1. d4 Nf6 2. c4 e6 3. Nf3 Bb4+ 4. Nbd2 d5 5. Qa4+ Nc6 6. a3 Bxd2+ 7. Bxd2 O-O 8.
Bg5 h6 9. Bh4 g5 10. Bg3 Ne4 11. e3 h5 12. h3 Nxg3 13. fxg3 Qd6 14. Kf2 f6 15.
Bd3 Bd7 16. Qc2 Kg7 17. g4 Rh8 18. c5 Qe7 19. Bg6 hxg4 20. hxg4 e5 21. Bf5 e4
22. Nd2 Bxf5 23. gxf5 Nxd4 24. exd4 e3+ 25. Ke2 exd2+ 26. Kxd2 Rxh1 27. Rxh1 Re8
28. Qd3 b6 29. Qf3 Qe4 30. Rh7+ Kxh7 31. Qh5+ Kg8 32. Qg6+ 1/2-1/2

[Event "79th ch-ESP 2014"]
[Site "Linares ESP"]
[Date "2014.08.26"]
[Round "2.15"]
[White "Antoli Royo, Joaquin Miguel"]
[Black "Martinez Lopez, David"]
[Result "1-0"]
[WhiteTitle "IM"]
[WhiteElo "2428"]
[BlackElo "2209"]
[WhiteFideId "2259532"]
[BlackFideId "22235779"]
[EventDate "2014.08.25"]

1. d4 e6 2. Nf3 Nf6 3. e3 b6 4. Bd3 Bb7 5. O-O Be7 6. c4 O-O 7. Nc3 d6 8. e4
Nbd7 9. Re1 e5 10. Rb1 a5 11. Bc2 exd4 12. Nxd4 Nc5 13. a3 Nfd7 14. Nd5 Re8 15.
b4 Ne6 16. Nxe7+ Qxe7 17. Nf5 Qd8 18. Qg4 axb4 19. axb4 Qf6 20. f4 Qg6 21. Qh4
Qf6 22. Qh3 Ndf8 23. Bb2 Qg6 24. Rf1 Bc8 25. Qh4 f6 26. e5 Qf7 27. exf6 Ng6 28.
Qg3 Nef8 29. Nxg7 Re2 30. Qd3 Rxc2 31. Qxc2 Bd7 32. Rbe1 Ra4 33. Qxa4 Bxa4 34.
Nf5 Qxc4 35. Bc1 1-0

[Event "79th ch-ESP 2014"]
[Site "Linares ESP"]
[Date "2014.08.26"]
[Round "2.16"]
[White "Lopez Mulet, Inigo"]
[Black "Alexandrova, Olga"]
[Result "0-1"]
[BlackTitle "IM"]
[WhiteElo "2193"]
[BlackElo "2424"]
[WhiteFideId "22235620"]
[BlackFideId "14102463"]
[EventDate "2014.08.25"]

1. d4 Nf6 2. c4 e6 3. g3 c5 4. Nf3 cxd4 5. Nxd4 d5 6. Bg2 e5 7. Nf3 d4 8. O-O
Nc6 9. e3 Be7 10. exd4 exd4 11. Bf4 O-O 12. Ne5 Qb6 13. Qb3 Na5 14. Qxb6 axb6
15. Nd2 Nh5 16. Nb3 Nxf4 17. gxf4 Rd8 18. Rfd1 Nxb3 19. axb3 Rxa1 20. Rxa1 d3
21. Kf1 Bb4 22. Rd1 d2 23. Bd5 Bf5 24. Ke2 Bc2 25. Rg1 Kf8 26. Rd1 Bxd1+ 27.
Kxd1 Ra8 0-1

[Event "79th ch-ESP 2014"]
[Site "Linares ESP"]
[Date "2014.08.26"]
[Round "2.17"]
[White "Suarez Garcia, Carlos"]
[Black "Mora Menezo, Jesus"]
[Result "1-0"]
[WhiteTitle "FM"]
[WhiteElo "2400"]
[BlackElo "2196"]
[WhiteFideId "22230858"]
[BlackFideId "2228980"]
[EventDate "2014.08.25"]

1. d4 Nf6 2. c4 c5 3. Nf3 g6 4. g3 Bg7 5. Bg2 O-O 6. Nc3 cxd4 7. Nxd4 Nc6 8. O-O
Ng4 9. e3 Nge5 10. b3 Nxd4 11. exd4 Nc6 12. Be3 d6 13. Qd2 Qa5 14. Rfe1 Qh5 15.
Nd5 e5 16. dxe5 dxe5 17. Bc5 Bg4 18. Bxf8 Rxf8 19. Ne3 Rd8 20. Bd5 Bf3 21. Bxf3
Qxf3 22. Nd5 Qh5 23. Kg2 e4 24. Qf4 Bxa1 25. Rxa1 Qe2 26. Qxe4 Qb2 27. Rd1 Kg7
28. Qd3 Qe5 29. Qe3 Qd6 30. Nc3 Qf8 31. Rxd8 Qxd8 32. Nd5 Qd6 33. Qc3+ f6 34.
Qd3 Ne5 35. Qd4 Nc6 36. Qe4 b6 37. Nf4 Ne7 38. h4 a5 39. Qb7 Kh6 40. Qa8 Kg7 41.
Qe8 h5 42. Kh2 Qe5 43. Qd8 Kf7 44. Qxb6 g5 45. Ng2 Nf5 46. Qb7+ Kg6 47. hxg5 h4
48. Nf4+ Kxg5 49. Qf3 hxg3+ 50. fxg3 Ng7 51. Qd5 Kf5 52. Qd7+ Ke4 53. Qd3# 1-0

[Event "79th ch-ESP 2014"]
[Site "Linares ESP"]
[Date "2014.08.26"]
[Round "2.18"]
[White "Castilla Leon Salas, Carlos"]
[Black "Vega Gutierrez, Sabrina"]
[Result "0-1"]
[BlackTitle "IM"]
[WhiteElo "2190"]
[BlackElo "2395"]
[WhiteFideId "2260450"]
[BlackFideId "2219026"]
[EventDate "2014.08.25"]

1. d4 d5 2. c4 e6 3. Nc3 c6 4. Nf3 dxc4 5. e4 b5 6. a4 Bb4 7. Bd2 a5 8. axb5
Bxc3 9. bxc3 cxb5 10. Qb1 Bd7 11. Ne5 Nf6 12. Bc1 O-O 13. Be2 Nc6 14. Nxd7 Qxd7
15. Qxb5 Nxe4 16. Qxc4 Rfc8 17. Bb2 Rab8 18. Qa2 Nxd4 19. cxd4 Rc2 20. Rb1 Qb7
21. Qxa5 Rxb2 22. Rd1 Ra8 23. Qe5 Rxe2+ 24. Kxe2 Qb2+ 25. Kf3 Ra3+ 26. Kg4 Qe2+
27. f3 Qxg2+ 0-1